<?xml version="1.0" encoding="UTF-8"?>
<collection xmlns:xsi="http://www.w3.org/2001/XMLSchema-instance" xsi:schemaLocation="http://www.loc.gov/MARC21/slim http://www.loc.gov/standards/marcxml/schema/MARC21slim.xsd" xmlns="http://www.loc.gov/MARC21/slim">
 <record>
  <leader>00000nam a2200000 i 4500</leader>
  <controlfield tag="001">UP-8027390931311356115</controlfield>
  <controlfield tag="003">Buklod</controlfield>
  <controlfield tag="005">20241109162516.0</controlfield>
  <controlfield tag="006">m    |o  d |      </controlfield>
  <controlfield tag="007">cr |||||||||||</controlfield>
  <controlfield tag="008">241109s2024    enk     o   b|001 0|eng d</controlfield>
  <datafield tag="020" ind1=" " ind2=" ">
   <subfield code="a">9781032257662 (paperback)</subfield>
  </datafield>
  <datafield tag="035" ind1=" " ind2=" ">
   <subfield code="a">23228859</subfield>
  </datafield>
  <datafield tag="037" ind1=" " ind2=" ">
   <subfield code="a">SS-12706</subfield>
   <subfield code="b">LIBRI</subfield>
   <subfield code="c">Php3,747.60 </subfield>
   <subfield code="n">Department of Geography</subfield>
  </datafield>
  <datafield tag="040" ind1=" " ind2=" ">
   <subfield code="a">DLC</subfield>
   <subfield code="d">DMLS</subfield>
   <subfield code="e">rda</subfield>
  </datafield>
  <datafield tag="041" ind1=" " ind2=" ">
   <subfield code="a">eng</subfield>
  </datafield>
  <datafield tag="042" ind1=" " ind2=" ">
   <subfield code="a">DMLUC</subfield>
  </datafield>
  <datafield tag="090" ind1=" " ind2=" ">
   <subfield code="a">GE 42 </subfield>
   <subfield code="b">W55 2024</subfield>
  </datafield>
  <datafield tag="100" ind1="1" ind2=" ">
   <subfield code="a">Williston, Byron</subfield>
   <subfield code="d">1965-</subfield>
   <subfield code="e">author.</subfield>
  </datafield>
  <datafield tag="245" ind1="1" ind2="4">
   <subfield code="a">The ethics of climate change</subfield>
   <subfield code="b">an introduction</subfield>
   <subfield code="c">Byron Williston.</subfield>
  </datafield>
  <datafield tag="250" ind1=" " ind2=" ">
   <subfield code="a">Second edition.</subfield>
  </datafield>
  <datafield tag="264" ind1=" " ind2="1">
   <subfield code="a">Abingdon, Oxon</subfield>
   <subfield code="b">Routledge</subfield>
   <subfield code="c">2024.</subfield>
  </datafield>
  <datafield tag="264" ind1=" " ind2="4">
   <subfield code="c">©2024</subfield>
  </datafield>
  <datafield tag="300" ind1=" " ind2=" ">
   <subfield code="a">x, 241 pages </subfield>
   <subfield code="c">24 cm.</subfield>
  </datafield>
  <datafield tag="336" ind1=" " ind2=" ">
   <subfield code="a">text</subfield>
   <subfield code="2">rdacontent</subfield>
  </datafield>
  <datafield tag="337" ind1=" " ind2=" ">
   <subfield code="a">unmediated</subfield>
   <subfield code="2">rdamedia</subfield>
  </datafield>
  <datafield tag="338" ind1=" " ind2=" ">
   <subfield code="a">volume</subfield>
   <subfield code="2">rdacarrier</subfield>
  </datafield>
  <datafield tag="490" ind1="0" ind2=" ">
   <subfield code="a">The ethics of ...</subfield>
  </datafield>
  <datafield tag="504" ind1=" " ind2=" ">
   <subfield code="a">Includes bibliographical references and index.</subfield>
  </datafield>
  <datafield tag="505" ind1="0" ind2=" ">
   <subfield code="a">Introduction : code red -- The basic science -- What is climate change ethics? -- Precautionary policy -- International justice -- Intergenerational justice -- Jurisprudential issues -- Nature in the Anthropocene -- Individual duties -- Climate change denial -- Geoengineering -- Capitalism and the climate crisis.</subfield>
  </datafield>
  <datafield tag="520" ind1=" " ind2=" ">
   <subfield code="a">&quot;The Ethics of Climate Change: An Introduction systematically and comprehensively examines the ethical issues surrounding arguably the greatest threat now facing humanity. This second edition has been updated and includes two new chapters on climate change and capitalism and climate change and law. Williston addresses important questions such as: Has humanity entered the Anthropocene epoch? Is climate change primarily an ethical or an economic issue? Can capitalism be reformed to prevent climate catastrophe? What are the moral failings of international climate diplomacy? What are the main causes of political inaction and climate denial? Should tort law be used to sue those responsible for climate change? What are intragenerational and intergenerational justice? Is geoengineering an ethically justifiable response to climate change? Featuring case studies throughout, this textbook provides a philosophical introduction to an immensely topical issue studied by students within the fields of applied ethics, global justice, sustainability, geography, and politics&quot;-- Provided by publisher.</subfield>
  </datafield>
  <datafield tag="650" ind1=" " ind2="0">
   <subfield code="a">Environmental ethics.</subfield>
  </datafield>
  <datafield tag="650" ind1=" " ind2="0">
   <subfield code="a">Climatic changes</subfield>
   <subfield code="x">Moral and ethical aspects.</subfield>
  </datafield>
  <datafield tag="650" ind1=" " ind2="0">
   <subfield code="a">Global environmental change</subfield>
   <subfield code="x">Moral and ethical aspects.</subfield>
  </datafield>
  <datafield tag="905" ind1=" " ind2=" ">
   <subfield code="a">FO</subfield>
  </datafield>
  <datafield tag="852" ind1="0" ind2=" ">
   <subfield code="a">UPD</subfield>
   <subfield code="b">DMLS</subfield>
   <subfield code="h">GE 42</subfield>
   <subfield code="i">W55 2024</subfield>
  </datafield>
  <datafield tag="942" ind1=" " ind2=" ">
   <subfield code="a">Book</subfield>
  </datafield>
 </record>
</collection>
